LEADER 01126nam1 2200373 450 001 990001220400203316 005 20081202135958.0 011 $a0170-6241 035 $a000122040 035 $aUSA01000122040 035 $a(ALEPH)000122040USA01 035 $a000122040 100 $a20031027a19799999|||||itac50 ba 101 $ager 102 $aDE 110 $aahaz------- 200 1 $aZeitschrift fur Semiotik 210 $aWiesbaden$cAkademische Verlagsgesellschaft Athenaion$d1979- 215 $av.$d24 cm 326 $aTrimestrale 463 \1$1001990001236030203316$12001 $aTranen und Weinen in der griechisch-romischen Antike 606 $aLinguaggio$2BNCF 606 0 $aSemiotica$2BNCF 676 $a401.41 801 0$aIT$bICCU$gISBD$c20071118 912 $a990001220400203316 958 $aUMA$bIV.2. 2011$cBd.28, heft 2-4 (2006); 959 $aBK 979 $aMARIA$b10$c20031027$lUSA01$h1056 979 $aMARIA$b10$c20040217$lUSA01$h1538 979 $aPATRY$b90$c20040406$lUSA01$h1727 979 $aPATRY$b90$c20081202$lUSA01$h1359 996 $aZeitschrift für Semiotik$9784831 997 $aUNISA LEADER 04437nam 2201285z- 450 001 9910743281003321 005 20230911 035 $a(CKB)5690000000228497 035 $a(oapen)doab113895 035 $a(EXLCZ)995690000000228497 100 $a20230920c2023uuuu -u- - 101 0 $aeng 135 $aurmn|---annan 181 $ctxt$2rdacontent 182 $cc$2rdamedia 183 $acr$2rdacarrier 200 00$aDynamics and Control of Robot Manipulators 210 $cMDPI - Multidisciplinary Digital Publishing Institute$d2023 215 $a1 online resource (296 p.) 311 08$a3-0365-8427-7 330 $aRobotic manipulators are becoming increasingly complex systems in order to meet market demands for their safer and more flexible use. Complex robotic systems are modifying the way robots are perceived and exploited in several areas. The effectiveness of these systems is challenged by new problems regarding their design, control, and planning, among others. This Special Issue explores recent advances in the dynamics and control of robot manipulators, spanning from linkages to non-conventional serial and parallel robots. 606 $aHistory of engineering & technology$2bicssc 606 $aTechnology: general issues$2bicssc 610 $aactive fault-tolerant control 610 $aactuator dynamics and control 610 $aactuators 610 $aadaptive control 610 $aadaptive neural network 610 $aback-stepping control 610 $aBarrier Lyapunov Function 610 $abeetle swarm optimization algorithm 610 $acable break 610 $acable failure 610 $acable-driven parallel manipulator 610 $acable-driven parallel robot 610 $acable-driven parallel robots 610 $acable-driven robots 610 $acontrol design 610 $adesign 610 $aDoppler sonography 610 $adynamic control 610 $adynamics model 610 $aemergency strategies 610 $aetching 610 $aextended state observer 610 $afault 610 $afinite-time control 610 $aflexible manipulator 610 $aforce distribution 610 $afractional calculus 610 $afriction compensation 610 $agenetic algorithm 610 $agrasping configurations 610 $ahalf-order derivative 610 $ahuman-robot interaction 610 $aimage processing 610 $aimpedance control 610 $aindustrial robot 610 $ainertial effects 610 $ainverted four-bar mechanism 610 $akinetic parameter identification 610 $alow settling time 610 $amanipulator 610 $amechatronics 610 $amedical robot 610 $amirror therapy 610 $amobile robots 610 $amodel free adaptive control (MFAC) 610 $amodeling 610 $amotion assistance 610 $amotion planning 610 $amotion simulation 610 $amultiple constraints 610 $anatural frequencies 610 $anonlinear model prediction 610 $anonlinear system 610 $aparallel kinematics machine 610 $aparallel robots 610 $apartial form dynamic linearization (PFDL) 610 $apattern moving 610 $apicking manipulator 610 $aredundancy resolution 610 $arobot manipulator control 610 $arobotic art 610 $arobotic manipulators 610 $ashaking force and shaking moment balancing 610 $asimulation 610 $asliding mode control 610 $asmooth-switching for gain 610 $asponge painting 610 $astate-constrained 610 $astochastic perturbation 610 $asuction cups 610 $asynchronous fast terminal sliding mode control 610 $atendon-driven parallel robots 610 $atorque-control 610 $atwo-player zero-sum game 610 $aunderactuation 610 $avacuum grasping 610 $avibration control 610 $awatercolor 610 $awinch 610 $awire-driven parallel robots 610 $awrench feasible workspace 615 7$aHistory of engineering & technology 615 7$aTechnology: general issues 906 $aBOOK 912 $a9910743281003321 996 $aDynamics and Control of Robot Manipulators$93560328 997 $aUNINA